000 00621nac a22002291ca4500
001 a987661554
008 170707s1998 gw |||| 000u rus d
041 _arus
100 1 _aDahrendorf, Ralf
245 0 0 _aPosle 1989 :
_bmoral' revoljucija i graždanskoe obščestvo ; Razmyšlenija o revoljucii v Evrope /
_cRal'f Darendorf
264 _aMoskva :
_bAdMarginem,
_c1998
300 _a271 S.
650 0 _aKalter Krieg
650 0 _aZivilgesellschaft
650 0 _aTransformation
650 0 _aDemokratie
650 0 _aOsteuropa
942 _cMG
040 _cRU-10907106
003 RU-10907106
999 _c43315
_d43315